[Event "World Cup"]
[Site "Khanty-Mansiysk"]
[Date "2007.11.27"]
[Round "2.1"]
[White "Onischuk, Alexander"]
[Black "Nikolic, Predrag"]
[Result "1-0"]
[WhiteElo "2674"]
[BlackElo "2657"]
[Annotator "Krasenkow,M"]
[PlyCount "81"]
[EventDate "2007.11.24"]
[EventType "k.o."]
[EventRounds "7"]
[EventCountry "RUS"]
[SourceTitle "CBM 122"]
[Source "ChessBase"]
[SourceDate "2008.01.30"]
[SourceVersion "1"]
[SourceVersionDate "2008.01.30"]
[SourceQuality "1"]

1. d4 d5 2. c4 dxc4 3. e3 e5 4. Bxc4 exd4 5. exd4 Nf6 6. Nf3 Bb4+ 7. Nc3 O-O 8.
O-O Nc6 {This "quick development" is probably more appropriate here than plans
with ...Nb8-d7-b6.} 9. h3 {Besides this prophylactical move, White has the
following options:} (9. Bg5 h6 (9... Bg4 $5 10. Bxf6 $6 (10. Nd5 $5) 10... Qxf6
11. Nd5 Qd6 12. a3 Ba5 13. b4 Bb6 14. Nxb6 axb6 15. Be2 Ra7 $15 {0-1 Pohl,
U-Nowarra,W/Weimar 1968/EXT 2000 (44)}) 10. Bh4 (10. Bxf6 Qxf6 11. Nd5 Qd6)
10... Bg4 11. Nd5 (11. h3 Bxf3 12. Qxf3 Qxd4 13. Bxf6 Qxf6 (13... gxf6 $6 14.
Bd5 $36 {1/2-1/2 De la Villa Garcia,J-Garza Marco,S/Zaragoza 2001/EXT 2002 (51)
}) 14. Qxf6 gxf6 15. Nd5 Kg7 16. Nxc7 Rac8 17. Nd5 Ne5 $132) 11... Be7 12.
Nxe7+ Qxe7 13. Bd5 Nd8 14. Qb3 g5 15. Bg3 Nxd5 16. Qxd5 Qe6 17. Qxe6 Nxe6 18.
d5 Bxf3 19. gxf3 Nf4 20. Bxf4 gxf4 21. Rac1 Rac8 22. Rfd1 Rfd8 23. Kg2 {
1/2-1/2 Le Duigou,J-Gilles,R/IECG 2004/Telechess CBM 105}) (9. a3 Ba5 10. b4 (
10. Bg5 $5 h6 11. Bh4 Bg4) 10... Bb6 11. d5 Ne7 12. Bg5 Nf5 13. Ne4 Nd6 14.
Bxf6 gxf6 15. Nxd6 Qxd6 16. Qc2 Bg4 17. Nd2 Qf4 $13 {1-0 Ovod,E-Zakurdjaeva,I/
Kolontaevo 1998/EXT 2000 (34)}) 9... h6 (9... Bf5 10. Bg5 (10. a3 Bxc3 11. bxc3
Ne4) 10... h6 (10... Be7 11. d5 Nb8 12. Re1 h6 13. Bh4 Nbd7 14. Nd4 Bg6 15. Bd3
Bxd3 16. Qxd3 $14 {1-0 Ibragimov,I-Zaragatski,I/Senden 2001/CBM 084 ext (41)})
11. Bh4 Be7 (11... g5 12. Bg3 Ne4 13. Nxe4 Bxe4 14. Ne5 Nxe5 15. Bxe5 Bd6 16.
Qe2 Bg6 17. f4 Bxe5 18. dxe5 Qd4+ 19. Kh1 gxf4 20. Rad1 Qe3 21. Qg4 $40 {
1-0 Hoenig,B-Rovan,E/email IECG 1999/79 telechess (37)}) 12. Re1 Nd7 13. Bxe7
Nxe7 14. Ne5 Nxe5 15. dxe5 a6 16. Qf3 b5 17. Rad1 Qc8 18. Bd5 Rb8 19. Be4 Bxe4
20. Nxe4 $16 {1-0 Barsov,A-Afek,Y/Wijk aan Zee 1997/EXT 2002 (31)}) (9... Re8
10. Qb3 Qe7 11. Ng5 Nxd4 12. Bxf7+ Kh8 13. Qc4 Rd8 14. Nd5 Ne2+ 15. Kh1 Nxd5
16. Bxd5 $16 {0-1 Lovering,K-Williams,D/IECC 2000/Telechess CBM 89 (44)}) 10.
Re1 $1 $146 {[%mdl 8] Or else:} (10. a3 Bd6 11. Qd3 (11. Re1 Ne7 12. Ne5 Be6
13. Bxe6 fxe6 14. Qe2 Re8 15. Bf4 Ned5 16. Bh2 Qe7 17. Rac1 Rad8 18. Bg3 Bxe5
19. Bxe5 c6 20. Red1 Nd7 21. Bg3 N7f6 {1/2-1/2 Roos,J-Zaragatski,I/Paris 2005/
CBM 107 ext}) 11... Ne7 12. Ne5 (12. Nb5 c6 13. Nxd6 Qxd6 {1/2-1/2 Wilson,
J-Borg,A/England 1997/EXT 1999}) 12... Be6 13. Bf4 Bxc4 14. Qxc4 c6 15. Rfe1
Ned5 16. Bg3 Be7 17. Re2 Nh5 18. Bh2 Nhf4 19. Re4 Nxc3 20. bxc3 Nd5 21. Qd3 Nf6
22. Re2 c5 23. Rae1 Re8 $11 {1-0 Nikolov,M-Grigorov,G/Sofia 2004/CBM 100 ext 
(60)}) (10. Qd3 $5 Na5 $5 11. Bb5 Be6 (11... a6 $5 12. Ba4 c5) 12. Ne5 Bd6 13.
Re1 a6 14. Ba4 Bxe5 15. Rxe5 b5 16. Bc2 Nc6 $6 (16... Nc4 17. Ne4 $140 Nxe4 18.
Qxe4 f5) 17. Ne4 $1 g6 18. Rxe6 $1 $18 {1/2-1/2 Polak,T-Afek,Y/Kecskemet 1994/
CBM 045 ext (49)}) (10. Be3 Bd6 (10... Bf5 11. Ne5 Nxe5 12. dxe5 Bxc3 13. bxc3
Ne4 14. Qf3 Bg6 15. Rfe1 Qh4 16. Bd5 Ng5 17. Bxg5 Qxg5 18. Bxb7 Rae8 19. Qe3
$16 {1/2-1/2 Heupel,H-Simoni,W/IECG 2003/Telechess CBM 101 (32)}) 11. Qd3 a6
12. a3 Ne7 13. Rad1 Bf5 14. Qd2 Ne4 15. Nxe4 Bxe4 16. Ne5 Bd5 17. Bd3 $13 {
1-0 Kachiani Gersinska,K-Kantorik,M/Bad Wiessee 1998/EXT 2001 (47)}) {The text
move is very simple and logical. In the present game Black fails to equalize.}
10... Na5 (10... Bf5 $5 {needs testing.}) 11. Bd3 Be6 12. Bf4 Nd5 13. Bd2 Nc6
14. a3 Be7 15. Rc1 Bf6 16. Rxe6 $5 {[%mdl 640] A typical exchange sacrifice
weakening the position of the balck king.} fxe6 17. Qe2 Qd7 (17... Re8 18. Qe4
Kf8 19. Na4 {[%cal Ya4c5]}) 18. Qe4 g5 19. h4 (19. Na4 $5 $44 {[%cal Ya4c5]})
19... Rae8 (19... Nf4 20. Bxf4 gxf4 21. Ne2 $36 {[%cal Yc1c5,Yc5h5]}) 20. hxg5
hxg5 21. Nxg5 $6 (21. Ne2 $5 {[%csl Gd4]}) 21... Bxd4 22. Nf3 Nf6 23. Qg6+ Kh8
$2 {Allowing White to continue his attack.} (23... Qg7 $142 24. Nxd4 (24. Bh6
Bxf2+ $1) 24... Nxd4 25. Bh6 Qxg6 26. Bxg6 Rd8 {and Black should not lose.})
24. Ne2 (24. Nxd4 $1 Nxd4 25. Bg5 Nh7 26. Ne4 {was even stronger.}) 24... Bb6 (
24... Bxb2 $142 25. Rb1 Ne5 $1 26. Qh6+ Nh7) 25. Bh6 $6 (25. Bc3 e5 26. Qh6+
Nh7 27. Be4 $16) (25. Nf4 $142 Qg7 26. Ng5 Ne5 27. Qxg7+ Kxg7 28. Ngxe6+ Kg8
29. Nxf8 Nxd3 30. Nxd3 Rd8 $5 31. Bg5 Rxd3 32. Bxf6 Kxf8 33. Bc3 $18 {_|_})
25... Rf7 26. Ng5 (26. Bf4 $5) 26... Ne5 27. Nxf7+ Qxf7 28. Qxf7 Nxf7 {White
has a bishop pair but Black's pieces are very active.} 29. Bf4 Ng4 30. Bg3 Nfe5
$6 {Black starts a series of inaccurate moves, which eventually leads him to a
defeat.} (30... Rd8 $132) 31. Be4 Rf8 $6 {A wrong square for the rook!} (31...
Rd8 {was still better.}) 32. Rf1 c6 33. Nf4 Rf6 {Black must lose a tempo as} (
33... Nxf2 34. Rxf2 Ng4 $2 {doesn't work due to} 35. Ng6+) 34. Nh3 Nc4 35. Rd1
{That's it! White seizes the crucial d-file.} Rf7 36. b3 Nxa3 37. Bf3 Rg7 38.
Re1 Nb5 39. Rxe6 Nc7 $2 {A blunder in a poor position.} 40. Bxc7 Bxc7 41. Re8+
1-0

[Event "Candidates final"]
[Site "Elista"]
[Date "2007.06.06"]
[Round "2.1"]
[White "Aronian, Levon"]
[Black "Shirov, Alexei"]
[Result "1-0"]
[WhiteElo "2759"]
[BlackElo "2699"]
[Annotator "Krasenkow,M"]
[PlyCount "81"]
[EventDate "2007.06.06"]
[EventType "k.o."]
[EventRounds "6"]
[EventCountry "RUS"]
[SourceTitle "CBM 119"]
[Source "ChessBase"]
[SourceDate "2007.08.01"]
[SourceVersion "1"]
[SourceVersionDate "2007.08.01"]
[SourceQuality "1"]

1. d4 d5 2. c4 dxc4 3. e4 e5 4. Nf3 exd4 5. Bxc4 Nc6 6. O-O Be6 7. Bxe6 fxe6 8.
Qb3 Qd7 9. Qxb7 Rb8 10. Qa6 Nf6 11. Nbd2 Bd6 12. b3 O-O 13. Bb2 Bf4 {About
this line - see CBM100, annotations by GM A.Huzman to Van Wely-Sasikiran.
Black has a space advantage, strong d-pawn, and open f-file but his pawn
structure is quite weak.} 14. g3 $146 (14. Qd3 Rbd8 (14... e5 15. Rac1 (15. Ba3
Rf7 16. Nc4 $14 {A.Huzman}) 15... Rf7 16. Rc5 Qe8 17. Ba3 Nd8 18. g3 Bxd2 19.
Rxe5 Qc6 20. Nxd2 Ng4 21. Rf5 Qh6 22. Nf3 Rxf5 23. exf5 Nf7 24. Qxd4 Nfe5 25.
Qd5+ Kh8 26. h4 $18 {1-0 Shishkin,V-Solodovnichenko,Y/Krakow POL 2006/The Week
in Chess 635 (31)}) 15. Nc4 Nb4 16. Qxd4 Qe7 17. Qxa7 Ra8 18. Bxf6 $1 gxf6 19.
Qd4 Nc2 20. Qc3 Nxa1 21. Rxa1 c5 22. g3 Bh6 23. Qc2 (23. e5 $5 Bg7 24. Qe3 $14
{A.Huzman}) 23... Qb7 24. h4 f5 25. Re1 Rad8 26. Kg2 Rf6 27. e5 Rg6 28. Nd6 Qb4
29. Rd1 $14 {1/2-1/2 Van Wely,L-Sasikiran,K/Moscow 2004/CBM 100/[Huzman] (53)})
(14. Rac1 $143 Rb6 15. Qd3 Nb4 16. Qxd4 Rd8 $132 {A.Huzman}) 14... Bh6 (14...
Bxd2 15. Nxd2 d3 $5 {needs testing.}) 15. Ba3 $1 Nxe4 {[%mdl 512]} (15... Rf7
16. Nc4 $1 (16. Qd3 Bxd2 17. Nxd2 Ne5) 16... Ng4 17. Ne1 $1 $14 {[%cal Ye1d3]}
(17. h3 $143 Rxf3 18. hxg4 e5) 17... Nce5 $6 18. Nxe5 Nxe5 19. f4 (19. Qxa7 $5
Nc6 20. Qa4) 19... Nc6 20. Nd3 $16) 16. Bxf8 Nxd2 17. Nxd2 Bxd2 18. Ba3 Qd5 19.
Qc4 Qxc4 20. bxc4 $14 {Thanks to the b-file, White has some chances to bring
home his extra exchange.} Ne5 21. Rab1 Rd8 (21... Rxb1 22. Rxb1 Nxc4 23. Bb4 $1
Bh6 24. f4) 22. c5 (22. Rfd1 $5 Nxc4 23. Bb4) 22... Nc4 23. Bc1 d3 24. Rb7 c6
$6 ({After} 24... Bxc1 25. Rxc1 d2 26. Rd1 c6 ({but not} 26... Rd5 $2 27. c6 $1
Rd6 28. Rxc7) 27. Kf1 Rd5 28. a4 a5 29. Ke2 h6 {I don't see a win for White, e.
g.} 30. f4 e5 (30... Rxc5 $2 31. Kd3) (30... Kh8 $2 31. Re7) 31. h3 e4 $5 32.
Re7 e3 33. Rxe3 Nxe3 34. Kxe3 Rxc5 35. Rxd2 Rc4 36. Rd4 Rc3+ $11) 25. Bxd2 Nxd2
26. Rd1 Ne4 $2 {[%mdl 16384] Even now, a tempo down, it was necessary to play}
(26... Nc4 {. If} 27. Rb4 Rd4 28. f4 {then} a5 $1 29. Rb8+ Kf7 30. Kf2 d2) 27.
f3 $1 Nc3 (27... Nxc5 28. Rxa7) 28. Rd2 {The black knight is now clearly
misplaced.} Nxa2 29. Rb3 Nc1 30. Rb1 Ne2+ 31. Kf2 e5 32. Ra1 Rd5 33. Rxa7 Rxc5
34. Rxd3 {Black's main hope has fallen and his weak pawns deprive him of any
drawing chances.} Nd4 35. Rd2 h6 36. f4 Nb5 37. Ra8+ Kh7 38. f5 Nd4 39. g4 Rc3
40. Rb2 h5 $2 (40... Nb5 41. Re8 h5 42. Rxe5 hxg4 43. Rb4 $18) 41. Rbb8 (41.
Rbb8 Kh6 42. h4 $1 $18) 1-0

[Event "RUS-ch 64th"]
[Site "Moscow"]
[Date "2011.08.11"]
[Round "4"]
[White "Morozevich, Alexander"]
[Black "Timofeev, Artyom"]
[Result "1-0"]
[WhiteElo "2694"]
[BlackElo "2665"]
[Annotator "Krasenkow,M"]
[PlyCount "77"]
[EventDate "2011.08.08"]
[EventType "tourn"]
[EventRounds "7"]
[EventCountry "RUS"]
[EventCategory "19"]
[SourceTitle "CBM 144"]
[Source "ChessBase"]
[SourceDate "2011.09.16"]
[SourceVersion "1"]
[SourceVersionDate "2011.09.16"]
[SourceQuality "1"]

1. d4 d5 2. c4 dxc4 3. e4 Nf6 4. e5 Nd5 5. Bxc4 Nb6 6. Bd3 Nc6 7. Ne2 Bg4 8. f3
Be6 9. Nbc3 Bc4 {This line was covered in many CBM issues, most recently in
CBM 111, annotations to Mamedyarov-Bacrot by GM A.Huzman.} 10. Bxc4 Nxc4 11. e6
(11. Qb3 {(played in the above-mentioned game) is more common but the text
move, freezing Black's kingside, is even more accurate.}) 11... fxe6 12. O-O (
12. Qb3 Nb6 {leads to the 11.Qb3 line with transposition of moves:} 13. Be3 $5
(13. Qxe6 Qd7 $1 (13... Nxd4 14. Qe4 Nxe2 15. Kxe2 c6 16. Rd1 $36 {1-0 Volkov,
S (2587)-Kharlov,A (2600)/Ekaterinburg 1999/CBM 075/[Huzman] (84)}) 14. Qxd7+
Kxd7 15. Bf4 e6 16. O-O-O Nd5 17. Ne4 b6 18. Bg3 Bd6 $11 {Beliavsky,A (2653) -
Mikhalchishin,A (2525)/Lviv 2007/Inf 101/(310)/[Mikhalchishin,A] (26)}) 13...
Qd7 14. O-O g6 (14... O-O-O 15. Ne4 $5 Qd5 16. Ng5) 15. Ne4 Qd5 16. Qd1 O-O-O
17. Nf4 Qf5 18. g4 Qf7 19. Qb3 Bh6 20. g5 Bg7 21. Qxe6+ Qxe6 22. Nxe6 Nc4 $1
23. Bf2 Bxd4 24. Bxd4 Nxd4 25. Nxd8 Rxd8 26. Rf2 Rf8 $44 {1/2 Zhu Chen (2480)
-Rasmussen,A (2530)/Khanty Mansiysk 2010/CBM 139 (78)}) 12... Nb6 {This
voluntary retreat is hardly the best solution.} (12... g6 13. Qb3 Nb6 14. Qxe6
Qd7 15. Qxd7+ Kxd7 16. d5 Nb4 17. Rd1 Bg7 18. a3 Na6 19. Be3 $14 {1-0 Comas
Fabrego,L (2490)-Markowski,T (2587)/Istanbul 2003/CBM 096/[Huzman] (51)}) (
12... Qd7 $142 13. Qb3 Nb6 14. Rd1 $5) 13. Ne4 $1 {[%cal Re4c5]} (13. Be3 g6
14. Bf2 $5 Bh6 {1/2 Skacelik,P (2214)-Reznicek,J (2239)/Czechia 2008/EXT 2010 
(73)} 15. Re1 $5 {[%cal Ye2g3]} Qd7 $140 16. Ne4) 13... g6 $2 {Here, when
White is already threatening Ne4-c5, this move is completely inappropriate.} (
13... Qd5 14. Be3 O-O-O 15. Nf4 Qf5 16. g4 Qf7 17. Qb3 $14 {1-0 Zhao Xue (2500)
-Ushenina,A (2502)/Krasnoturinsk 2007/CBM 119 ext (41)}) 14. Nc5 Qd6 (14... Qd5
{may be more stubborn:} 15. Be3 O-O-O 16. Nf4 Qf5 17. Nfxe6 Rd6 18. Qb3 $16)
15. Nxb7 Qd5 16. Be3 {Black's pawn structure is ruined.} Bg7 (16... Nc4 17. Bf2
Nxb2 18. Qc2 Nc4 19. Nc3 $18) 17. Nf4 Qf5 18. Rc1 $1 Nxd4 19. Bxd4 Bxd4+ 20.
Qxd4 e5 21. Qb4 Qxf4 22. Qb5+ c6 (22... Kf7 23. Qb3+ $1 Kg7 24. Rxc7 $18) 23.
Qxc6+ Kf7 24. Nc5 Qd4+ 25. Kh1 Qd5 26. Qxd5+ Nxd5 $16 {[%csl Re5] _|_} 27. Nd3
(27. Rfe1 $142) 27... Kf6 28. Rc6+ e6 29. Re1 Rhc8 (29... Rab8 30. Ra6 Nb4 31.
Nxb4 Rxb4 32. b3 Rc8 33. Rxa7 Rc2 {gives Black drawing chances.}) 30. Ra6 Rc2
31. h4 Rc4 32. Re4 (32. Nxe5 $5 Rxh4+ 33. Kg1 Rb4 34. b3 Rb7 35. Ng4+ Kg7 36.
Rexe6) 32... Rd4 33. Nc5 Nf4 34. Rxd4 exd4 {[%mdl 4096]} 35. g3 Rc8 $1 36. b4
Nd5 37. Rxe6+ $2 (37. a3 {stops Black's counterplay, after which White wins a
pawn and keeps a strong position.} Rxc5 38. bxc5 d3 39. Ra4 e5 40. Ra6+ Nb6 41.
cxb6 d2 {doesn't work due to} 42. b7+ (42. bxa7+ Ke7 43. a8=Q d1=Q+ 44. Kg2 {
is good enough, too, as Black has no perpetual}) 42... Ke7 43. Rd6 $1 $18 {
- that's what White missed, according to A.Morozevich.}) 37... Kf7 38. Ra6 Nxb4
$132 {[%csl Gd4]} 39. Rxa7+ {Black lost on time.} (39. Rxa7+ Kf6 40. Ne4+ Ke6
41. Rxh7 Rc2 {, and it requires a deep analysis to conclude whether White
still can win here.}) 1-0

[Event "EU-Cup 23rd"]
[Site "Kemer"]
[Date "2007.10.08"]
[Round "6.3"]
[White "Kasimdzhanov, Rustam"]
[Black "Rublevsky, Sergei"]
[Result "0-1"]
[WhiteElo "2690"]
[BlackElo "2676"]
[Annotator "Krasenkow,M"]
[PlyCount "112"]
[EventDate "2007.10.03"]
[EventType "team-swiss"]
[EventRounds "7"]
[EventCountry "TUR"]
[SourceTitle "CBM 121"]
[Source "ChessBase"]
[SourceDate "2007.11.14"]
[SourceVersion "1"]
[SourceVersionDate "2007.11.14"]
[SourceQuality "1"]
[WhiteTeam "Tomsk 400"]
[BlackTeam "Merida Linex Magic"]
[WhiteTeamCountry "RUS"]
[BlackTeamCountry "ESP"]

1. d4 d5 2. c4 dxc4 3. e4 e5 4. Nf3 exd4 5. Bxc4 Bb4+ 6. Bd2 Bxd2+ 7. Nbxd2 Qf6
8. Nb3 Nc6 9. Bb5 Nge7 10. Qxd4 Qxd4 11. Nfxd4 Bd7 12. O-O-O O-O-O 13. Nc5 Be8
{This line was examined by GM A.Huzman in CBM 091 and CBM 095.} 14. Nf3 $146 {
Quite a harmless novelty. Practice has seen:} (14. Ne2 b6 (14... f5 $142 $5)
15. Ba6+ Kb8 16. Rxd8+ Nxd8 17. Rd1 Ndc6 18. Nd7+ Bxd7 19. Rxd7 Rd8 20. Rd2 $1
Rd6 $1 21. a3 (21. Rxd6 $5 cxd6 22. Nc3 $14 {Huzman}) 21... Ne5 22. f4 Ng4 23.
h3 Nf6 24. e5 (24. Bd3 $5 {Huzman}) 24... Rxd2 25. Kxd2 Nfd5 26. Bd3 $14 {
1-0 Ivanchuk,V-Rublevsky,S/Moscow 2002/CBM 091/[Huzman] (64)}) (14. Nc2 f5 $5
15. exf5 Nxf5 16. Ne6 (16. Bc4 Nd6 $2 (16... Rxd1+ 17. Rxd1 Nd6 18. Be6+ Kb8
$11 {Huzman}) 17. Bd5 Ne7 18. Nxb7 $5 Nxd5 19. Nxd8 Nf4 $1 20. g3 Nh3 21. Ne6
Nxf2 22. Nxg7 (22. Rhe1 $5 Nxd1 23. Kxd1 Bf7 24. Ncd4 Re8 25. b3 $14 {Huzman})
22... Nxh1 $1 23. Nxe8 Rxe8 24. Rxh1 Re2 25. h3 {1/2-1/2 Onischuk,A-Rublevsky,
S/Poikovsky 2003/CBM 095/[Huzman]}) 16... Rxd1+ 17. Rxd1 Nd6 18. Bd3 Bd7 (18...
Bf7 $5 19. Re1 Re8 20. Ng5 (20. Nxg7 Rg8 $11) 20... Rxe1+ 21. Nxe1 Bxa2 $11 {
Rublevsky}) 19. Re1 Re8 20. Nc5 Rxe1+ 21. Nxe1 Bf5 22. Kd2 Nd8 23. Nf3 b6 24.
Bxf5+ Nxf5 25. Ne4 Kd7 $11 {1/2-1/2 Onischuk,A-Rublevsky,S/Poikovsky 2006/CBM
112 (34)}) 14... b6 (14... f5 $5 {needs checking here, too. If} 15. e5 {then}
Bh5) 15. Ba6+ Kb8 16. Rxd8+ Nxd8 17. Rd1 $6 (17. Nd3 $5 $11 Bc6 $140 18. Re1)
17... Bc6 18. Nd7+ Ka8 {White's problem is that he can't comfortably protect
his e4 pawn.} 19. Nde5 Bxe4 20. Rd7 Re8 21. Rxc7 Ne6 {[%mdl 2048] It turns out
that the white pieces are placed awkwardly.} 22. Rc4 (22. Rc3 f6 23. Bb5 Rf8
24. Nc6 Nd5 25. Ra3 a5 $15) 22... Nc5 (22... Bd5 $5 23. Bb5 $1 (23. Rc2 f6 24.
Bb5 Rf8 25. Nc6 Bxf3 $5 26. gxf3 Nxc6 27. Bxc6+ Kb8 $15 {[%csl Rf2,Rf3,Rh2]}) (
23. Rc3 Nc5 24. Bb5 Rc8) 23... Rf8 24. Rc3 Kb7 (24... Bxa2 $6 25. b3) 25. Nc4
Rd8 $15 {Black's pieces are placed better in any case.}) 23. Bb5 Rc8 24. b4
Bxf3 $1 25. Nxf3 (25. gxf3 a6 26. Nd7 Kb7 $5 (26... Nxd7) 27. bxc5 axb5 28. Rc2
Nd5 $17) 25... a6 26. bxc5 axb5 27. Rc2 Rxc5 {[%mdl 4096]} (27... bxc5 28. Ne5
{[%cal Re5f7,Re5d7]}) 28. Nd4 {White could have recaptured the pawn by means of
} (28. Rxc5 bxc5 29. Ng5 $15 {although Black maintained some edge due to his
strong c-pawn.}) 28... b4 29. Nb3 $6 (29. Kb2 $142 Kb7 30. Kb3 Ka6 $5 31. Rc4
$1 {with good drawing chances} ({but not} 31. Kxb4 $2 Nc6+)) 29... Re5 30. Rc7
Kb8 31. Rd7 Kc8 32. Ra7 Kd8 {It is very difficult for Black to make use of his
doubled extra pawn but he eventually manages to do so.} 33. Kd2 Rh5 34. h3 Rd5+
35. Ke3 Rd7 36. Ra8+ Kc7 37. Ra7+ Kd6 38. Rxd7+ Kxd7 39. Kd4 Ng6 $1 40. g3 Kc6
41. Kc4 Ne5+ 42. Kd4 Nf3+ 43. Kc4 Ng5 44. Nd4+ Kc7 45. h4 Ne4 46. Kxb4 Nxf2 {
A very profitable pawn exchange for Black!} 47. a4 h5 48. Nf5 g6 49. Nh6 f6 50.
Kb5 Ne4 51. g4 Nd6+ 52. Ka6 f5 $1 53. gxh5 gxh5 54. Ng8 f4 55. Nf6 f3 56. Nxh5
Nf5 0-1

[Event "EU-ch 13th"]
[Site "Plovdiv"]
[Date "2012.03.27"]
[Round "7"]
[White "Khalifman, Alexander"]
[Black "Lintchevski, Daniil"]
[Result "1-0"]
[WhiteElo "2649"]
[BlackElo "2564"]
[Annotator "Krasenkow,M"]
[PlyCount "67"]
[EventDate "2012.03.20"]
[EventType "swiss"]
[EventRounds "11"]
[EventCountry "BUL"]
[SourceTitle "CBM 148"]
[Source "ChessBase"]
[SourceDate "2012.05.16"]
[SourceVersion "1"]
[SourceVersionDate "2012.05.16"]
[SourceQuality "1"]

1. d4 d5 2. c4 dxc4 3. e4 Nc6 4. Nf3 Bg4 5. Be3 (5. Bxc4 {is the main
continuation}) 5... Bxf3 6. gxf3 e6 7. Nc3 (7. Bxc4 {is more natural but gives
Black a good position after} Qf6 $1 {e.g.} 8. Nc3 (8. Bb5 $6 Nge7 9. Nd2 O-O-O
10. Nb3 Nxd4 $1 11. Nxd4 e5 $17 {0-1 Van Wely,L (2585)-Magem Badals,J (2505)/
Las Palmas 1993/CBM 040/[Ftacnik,L](19)}) (8. d5 exd5 9. exd5 O-O-O 10. Nd2 Ne5
11. Bb3 Bb4 $17 {0-1 Kouatly,B (2515)-Piket,J (2615)/Cannes 1992/CBM 028 (45)})
(8. e5 Qh4 9. Bb5 Bb4+ 10. Nc3 Nge7 11. Qa4 O-O 12. O-O-O Bxc3 13. bxc3 Nd5 14.
Qc2 f6 $17 {[%csl Rc1] 1-0 Alburt,L (2515)-Speelman,J (2560)/London 1986/MCL/
[ChessBase] (36)}) 8... O-O-O 9. Qa4 $5 (9. d5 Bb4 10. Qb3 exd5 11. exd5 Bxc3+
12. Qxc3 Qxc3+ 13. bxc3 Ne5 14. Bb3 Ne7 15. f4 Ng4 16. Rg1 Nxe3 17. fxe3 g6 $15
{1/2 Bosiocic,M (2580)-Stevic,H (2624)/Opatija 2012/CBM 147 (34)}) 9... Qxf3 (
9... Nxd4 10. Qxa7 Qxf3 11. Bxd4 $1 Qxh1+ 12. Ke2 Qxa1 13. Qa8+ Kd7 14. Qxb7
$18 {->}) (9... Bb4 10. O-O-O $36) (9... Rxd4 $5 10. Bxd4 Qxd4 $44) 10. Rg1 Bb4
11. d5 exd5 12. exd5 Re8 $1 13. dxc6 Rxe3+ 14. Kf1 Bc5 15. Rg3 Qh1+ 16. Rg1 Qf3
17. Rg3 {1/2 Ding,L (2628)-Timofeev,A (2681)/Moscow 2011/CBM 141 Extra}) 7...
Qf6 (7... Bb4 $5 8. Bxc4 Qf6 (8... Nge7 9. Qb3 $14) 9. Bb5 $6 (9. a3 $142 Ba5
10. Rg1 $13) 9... Nge7 10. h4 O-O-O 11. Bxc6 Nxc6 12. Bg5 Qxd4 $1 $19 {0-1
Taha,M (2390)-Nikolic,N (2440)/Moscow 1994/CBM 044 ext (32)}) 8. Qa4 (8. Bxc4 {
leads to the above-mentioned line}) 8... O-O-O (8... Bb4 $5 9. O-O-O Nge7 10.
Rg1 (10. f4 a6 11. Bxc4 Bxc3 12. bxc3 O-O {[%csl Rc1][%cal Rb7b5]}) 10... O-O (
10... Bxc3 $142 11. bxc3 Qxf3 12. Bg2 Qf6 13. Qxc4 O-O-O $13) 11. Rg3 h6 $2 (
11... g6) 12. e5 Qf5 13. Bxh6 Ng6 14. Be3 $16 {1-0 Gomez Esteban,J (2450)
-Magem Badals,J (2505)/Spain 1993/TD (27)}) 9. O-O-O Bb4 10. f4 Bxc3 11. bxc3
$14 {Saving a tempo on Bf1xc4, White has obtained ideal consolidation.
Although blockading tendencies (caused by White's double f-pawns) are still
there, his bishop pair now plays an important role.} Qg6 $6 (11... Nge7 $142
12. Bxc4 Kb8) 12. f3 $6 (12. d5 $1 Nb8 (12... exd5 13. Bh3+ Kb8 14. exd5 $18) (
12... Qxe4 13. dxc6 $1 Qxh1 (13... Rxd1+ 14. Qxd1) 14. Rxd8+ Kxd8 15. Qd1+ Ke7
16. Bc5+ Kf6 17. Qd8+ Kf5 18. Qg5+ $18) 13. Bxc4 $16 Qxe4 $140 14. dxe6 fxe6
15. Rxd8+ Kxd8 16. Rd1+ Ke7 17. Qb4+ Kf7 18. Rd8 $18) 12... Qh5 13. Be2 Nf6 14.
Qxc4 Na5 $6 {An inaccurate move.} (14... a6 15. h4 $14) 15. Qd3 c5 $6 (15...
Nc6) 16. Rhg1 {[%cal Rg1g7,Rg1g5] Black now can't avoid serious losses.} c4 17.
Qc2 h6 (17... Qh6 18. Rg5 b6 19. Rxa5 bxa5 20. Bxc4 $16 {[%csl Rc8]}) 18. Rxg7
Rhg8 19. Rxg8 Rxg8 20. d5 $1 Qxh2 21. dxe6 fxe6 22. Qd2 {The position has
opened up, and White's bishop pair should now decide the game. However, a lot
of adventures are still to come.} b6 23. Bf1 (23. f5 $142 $1 e5 24. Bxh6 $18)
23... Qh5 (23... Qxd2+ $142 $16 {_|_}) 24. Qd6 Re8 25. Bd4 (25. Bg2 $5 Qf7 26.
Bh3 Kb7 27. f5 e5 28. Rg1 $18) 25... Nd7 26. f5 exf5 27. e5 $6 (27. Be3 $1 {
[%cal Re3f4]} Ne5 28. Bf4 fxe4 29. Qd5 $1 Nb7 30. Bxc4 $18 {[%cal Rc4a6]})
27... Nf8 $2 (27... Rd8 $5 {[%cal Rd7c5]} 28. Be3 $1 Qxf3 (28... Qh2 29. Rd5 $1
{[%cal Rd5a5]} Qxa2 30. e6 $18) 29. e6 $1 Qxe3+ 30. Kb2 $16) (27... Qxf3 28. e6
Nb8 29. Be5 Kb7 30. e7 $36) 28. Qd5 Kc7 29. e6 $1 {[%cal Rd4e5]} Nc6 30. Be5+
Kb7 (30... Nxe5 31. Qxe5+ Kb7 32. Bxc4 $18) 31. f4 $1 {[%cal Rf1g2]} Qg6 (31...
Rd8 32. Qxd8 $1 Nxd8 33. e7 $18) 32. Bxc4 Rxe6 (32... Qxe6 33. Qxe6 Nxe6 34.
Rd7+ Kc8 35. Rd6 $1 Ned8 36. Bb5 Kb7 37. Rd7+ Ka8 38. Rxd8+ $1 $18) 33. Qb5 (
33. Bd6 Rf6 34. Ba6+ Kxa6 35. Qxc6 $18) 33... a6 $2 {[%mdl 8192]} (33... Re8
34. Qa6+ Ka8 35. Rd6 Qg1+ 36. Kb2 Qf2+ 37. Kb3 Na5+ (37... Qf3 38. Bd5 Qd1+ 39.
Ka3 Qc1+ 40. Ka4 Qd1+ 41. Kb5 $18) 38. Qxa5 $1 bxa5 39. Bd5+ Kb8 40. Rd8#) 34.
Qxa6# 1-0